| 000 | 00000nam 2200000zi 4500 |
| 001 | 9.874948 |
| 003 | CaOODSP |
| 005 | 20241203113650 |
| 006 | m o d f |
| 007 | cr |n||||||||| |
| 008 | 190614e19770530oncd |ot f00| 0 eng d |
| 040 | |aCaOODSP|beng|erda|cCaOODSP |
| 043 | |an-cn--- |
| 086 | 1 |aEn13-7/77-5E-PDF |
| 100 | 1 |aDick, T. M. |q(Thomas Milne)|eauthor. |
| 245 | 10|aWind and wave energy / |cauthor: T.M. Dick. |
| 264 | 1|a[Burlington, Ont.] : |bHydraulics Research Division, [National Water Research Institute], |cMay 30, 1977. |
| 300 | |a1 online resource (4 pages, 1 unnumbered page) : |bcharts. |
| 336 | |atext|btxt|2rdacontent |
| 337 | |acomputer|bc|2rdamedia |
| 338 | |aonline resource|bcr|2rdacarrier |
| 490 | 1 |aTechnical note ; |vno. 77-5 |
| 500 | |aDigitized edition from print [produced by Environment and Climate Change Canada]. |
| 500 | |aTitle from cover. |
| 504 | |aIncludes bibliographical references. |
| 520 | |a"It is theoretically possible to obtain more energy from waves than directly from the wind. At this time the technology for windmills is much more advanced than wave energy extraction devices"--Conclusion, page 2. |
| 653 | 0|aWater waves |
| 692 | 07|2gccst|aWind energy |
| 710 | 1 |aCanada. |bEnvironment Canada. |
| 710 | 2 |aNational Water Research Institute (Canada). |bHydraulics Research Division. |
| 830 | #0|aTechnical note (National Water Research Institute (Canada). Hydraulics Research Division)|vno. 77-5.|w(CaOODSP)9.865405 |
| 856 | 40|qPDF|s644 KB|uhttps://publications.gc.ca/collections/collection_2019/eccc/En13-7-77-5-eng.pdf |
| 986 | |aCORRESPONDENCE FILE NO: 2520 |